| 000 | 01049nam0a22002891 4500 | ||
|---|---|---|---|
| 001 | v19\rc\2030462 | ||
| 005 | 20260405155936.0 | ||
| 035 | _a(NLR Aleph) 005110388 | ||
| 090 |
_a7486916 _c7486916 |
||
| 100 | _a20080925d1916 u y0rusy50 ca | ||
| 101 | 0 | _arus | |
| 102 | _aRU | ||
| 105 | _ay z ||||| | ||
| 200 | 1 |
_aО желательных изменениях в торговле твердым минеральным топливом Донецкого бассейна _f[Прот. П. Фомин] |
|
| 210 |
_aХарьков _cтип. Б. Бенгис _d1916 |
||
| 215 |
_a14, [2] с. _d29 |
||
| 300 | _aАвт. указан в конце текста | ||
| 309 | _aБез тит. л. и обл. | ||
| 700 | 1 |
_8rus _7ca _aФомин _bП. И. _cэкономист _f1873-1936 _gПетр Иванович _3RU\NLR\AUTH\7766674 _949602 |
|
| 801 | 0 |
_aRU _bNLR _gpsbo |
|
| 801 | 0 |
_aRU _bRuMoRGB _2psbo |
|
| 801 | 1 |
_aRU _bProSoft-M _2rusmarc |
|
| 852 |
_aNLR _j37.60.3.167 |
||
| 899 | _aБАН | ||
| 899 |
_aRuMoRGB _jV 284/43 |
||
| 942 | _cBOOK | ||
| 980 | _aNB | ||